Hybrid Theory - Linkin Park (Top 100 Words) - Statistics

General Stats
  • This quiz has been taken 6 times
  • The average score is 54 of 100
Answer Stats
# Word % Correct
51 a
100%
220 I
100%
229 the
100%
20 be
83%
18 do
83%
12 end
83%
23 even
83%
20 go
83%
77 in
83%
43 it
83%
13 matter
83%
10 no
83%
25 on
83%
16 one
83%
31 so
83%
149 to
83%
11 too
83%
31 why
83%
183 you
83%
32 all
67%
59 and
67%
18 break
67%
22 but
67%
9 by
67%
10 closer
67%
10 edge
67%
13 eyes
67%
13 far
67%
66 I'm
67%
28 inside
67%
41 is
67%
89 me
67%
72 my
67%
15 not
67%
84 of
67%
17 place
67%
14 say
67%
14 skin
67%
38 that
67%
49 what
67%
25 when
67%
26 with
67%
11 again
50%
23 back
50%
9 before
50%
38 can't
50%
25 everything
50%
25 face
50%
10 fall
50%
11 for
50%
14 got
50%
11 have
50%
24 how
50%
37 it's
50%
14 I've
50%
13 just
50%
23 know
50%
52 like
50%
18 mind
50%
24 myself
50%
13 out
50%
20 right
50%
30 run
50%
13 shut
50%
11 step
50%
19 take
50%
26 this
50%
16 time
50%
16 try
50%
33 up
50%
16 way
50%
22 your
50%
20 you're
50%
12 act
33%
11 at
33%
53 away
33%
10 beneath
33%
10 bottom
33%
31 find
33%
14 from
33%
20 gonna
33%
17 live
33%
13 memory
33%
24 never
33%
29 now
33%
30 see
33%
10 sun
33%
13 through
33%
11 top
33%
17 you've
33%
13 about
17%
9 another
17%
12 hold
17%
17 learned
17%
15 sick
17%
12 stop
17%
12 they
17%
11 thoughts
17%
26 wanna
17%
9 bring
0%
No matching quizzes found
Score Distribution
Percent of People with Each Score
Percentile by Number Answered
Your Score History
You have not taken this quiz